<?xml version="1.0" encoding="UTF-8"?>
<collection xmlns="http://www.loc.gov/MARC21/slim">
 <record>
  <leader>00787nam a2200229 a 4500</leader>
  <controlfield tag="001">1/39381</controlfield>
  <controlfield tag="008">100201s2008    fr       bi   00110 fre  </controlfield>
  <datafield tag="020" ind1=" " ind2=" ">
   <subfield code="a">9782247079421</subfield>
  </datafield>
  <datafield tag="035" ind1=" " ind2=" ">
   <subfield code="l">42041</subfield>
  </datafield>
  <datafield tag="040" ind1=" " ind2=" ">
   <subfield code="a">GR-PeUP</subfield>
  </datafield>
  <datafield tag="082" ind1="0" ind2="0">
   <subfield code="a">327.0904 REL</subfield>
  </datafield>
  <datafield tag="245" ind1="0" ind2="4">
   <subfield code="a">Les relations internationales de 1945 à nos jours /</subfield>
   <subfield code="c">Pascal Boniface.</subfield>
  </datafield>
  <datafield tag="250" ind1=" " ind2=" ">
   <subfield code="a">2nd ed.</subfield>
  </datafield>
  <datafield tag="260" ind1="0" ind2=" ">
   <subfield code="a">Paris :</subfield>
   <subfield code="b">Dalloz,</subfield>
   <subfield code="c">2008.</subfield>
  </datafield>
  <datafield tag="300" ind1=" " ind2=" ">
   <subfield code="a">219 σ. ;</subfield>
   <subfield code="c">21 εκ.</subfield>
  </datafield>
  <datafield tag="490" ind1="1" ind2=" ">
   <subfield code="a">Cours Dalloz ;</subfield>
  </datafield>
  <datafield tag="504" ind1=" " ind2=" ">
   <subfield code="a">Περιέχει βιβλιογραφία και ευρετήριο.</subfield>
  </datafield>
  <datafield tag="650" ind1=" " ind2="4">
   <subfield code="a">International relations</subfield>
   <subfield code="x">History</subfield>
   <subfield code="y">20th century.</subfield>
  </datafield>
  <datafield tag="650" ind1=" " ind2="4">
   <subfield code="a">World politics</subfield>
   <subfield code="y">1945-1989.</subfield>
  </datafield>
  <datafield tag="700" ind1="1" ind2=" ">
   <subfield code="a">Boniface, Pascal.</subfield>
  </datafield>
  <datafield tag="830" ind1=" " ind2=" ">
   <subfield code="a">Cours Dalloz.</subfield>
  </datafield>
  <datafield tag="852" ind1=" " ind2=" ">
   <subfield code="a">INST</subfield>
   <subfield code="b">UNIPILB</subfield>
   <subfield code="c">MAIN</subfield>
   <subfield code="e">20100201</subfield>
   <subfield code="h">327.0904 REL</subfield>
   <subfield code="p">00160357</subfield>
   <subfield code="q">00160357</subfield>
   <subfield code="t">LOAN</subfield>
   <subfield code="y">4</subfield>
   <subfield code="x">20100512</subfield>
   <subfield code="4">1</subfield>
  </datafield>
 </record>
</collection>
